Positions In Rugby - Statistics

General Stats
  • This quiz has been taken 53 times
  • The average score is 10 of 15
Answer Stats
Hint Answer % Correct
No.9 Scrum half
86%
No.10 Fly half
76%
No.2 Hooker
76%
No.15 Full back
72%
No.6 Flanker
69%
No.7 Flanker
69%
No.4 Lock
66%
No.5 Lock
66%
No.3 Tighthead Prop
62%
No.1 Loosehead Prop
59%
No.8 No.8
55%
No.11 Winger
55%
No.14 Winger
55%
No.12 Inside Centre
48%
No.13 Outside Centre
48%
No matching quizzes found
Score Distribution
Percent of People with Each Score
Percentile by Number Answered
Your Score History
You have not taken this quiz